Statistiques concernant Personnages du Seigneur des Anneaux par acteur

Cliquez ici pour prendre le quiz!

Statistiques générales

  • Ce quiz a été pris 67 fois
  • Le résultat moyen est 18 sur 22

Statistiques - réponses

Réponse% Correct
Frodon Sacquet
100%
Legolas
100%
Gandalf
98%
Saroumane
98%
Aragorn
97%
Boromir
93%
Preregrin Touque
90%
Samsagace Gamegie
90%
Sméagol / Gollum
90%
Gimli
87%
Bilbon Sacquet
85%
Meriadoc Brandebouc
85%
Elrond
83%
Faramir
82%
Galadriel
78%
Arwen
75%
Théoden
72%
Éowyn
70%
Éomer
63%
Denethor II
47%
Gríma Langue-de-Serpent
47%
Celeborn
30%

Distribution des résultats

Percentile par nombre de réponses

% des personnes avec chaque résultat

Votre développement - résultats

Vous n’avez pas pris ce quiz